000 00403nam a22001697a 4500
003 koha_MIRAKIL
005 20231213095400.0
008 231213b |||||||| |||| 00| 0 ||| d
040 _aTR-IsEVY
_btur
_cTR-IsEVY
082 _a810 MAH/E
100 _aMAHRUKİ, NASUH.
245 0 _aEVERET'TE İLK TÜRK.
260 _bYKY,
_c1999
300 _a163.
650 _aTürk Edebiyatı.
942 _2ddc
_cBK
999 _c2682
_d2682